00536 a2200181 45000010006000000050017000060080041000230030015000640400040000790800047001192450059001660200018002252640033002433000019002765050029002950410008003241000022003325771620260407155836.0260407a2001 arg spa dAR-UNSa-BCEJYS aAR-UNSa-BCEJYSbspacAR-UNSa-BCEJYS a929xEstudios biográficos y relacionados10aEl crimen de Cabezaspradiografía del país mafioso a950-786-299-4 1aBuenos Aires :bBiblosc2001 a188 p.c22 cm. a1. Será justicia - 2.  aspa1 aVecchi, Alejandro